000 00790nam a22003017a 4500
001 BR9506335
003 BR-BrBNA
005 20230928094653.0
007 ta
008 230509b bl.||||| |||| 00| 0 por d
040 _aBR-BrBNA
_bpor
_cBiblioteca Nacional de Agricultura
041 _a(Por)
072 _aP01
090 _ P01 BR9506335
100 1 _aNolasco, F.
110 1 _aUniversidade Federal de Vicosa, MG (Brasil)
245 1 _aO Pantanal Matogrossense
260 3 _aVicosa, MG (Brasil):
_c1983.
300 _a58 p.
500 _a7 maps; 16 ref.
650 _aRecurso Natural
650 _aRecurso Mineral
650 _aEnergia Eletrica
650 _aRecurso Hidrico
650 _aPantanal Matogrossense
909 _a202309
_bLucia
_c55
_dLucia Elande
942 _cBK
999 _c51983
_d51983